| 000 | 01155cab a2200361 4500 | ||
|---|---|---|---|
| 001 | X2654 | ||
| 008 | 090401t1991 xxu||||| |||| 00| 0 eng d | ||
| 035 | _a(Sirsi) u25598 | ||
| 041 | _aeng | ||
| 100 | _aTromans, S. | ||
| 245 | _aRoads to prosperity or roads to ruin? Transport and the environment in England and Wales | ||
| 260 | _c1991 | ||
| 350 | _a0 | ||
| 490 |
_aJournal of Environmental Law _v3(1) 1991, 1-28(39) |
||
| 650 | _aCOST BENEFIT ANALYSIS | ||
| 650 | _aDE ROTHSCHILD V SOS FOR THE ENVIRONMENT | ||
| 650 | _aENVIRONMENTAL APPRAISAL | ||
| 650 | _aENVIRONMENTAL IMPACT ASSESSMENTS | ||
| 650 | _aLEWIN AND ROWLEY V SOS FOR THE ENVIRONMENT | ||
| 650 | _aMOTORWAYS | ||
| 650 | _aOECD | ||
| 650 | _aPRIVATE ROADS | ||
| 650 | _aPUBLIC INQUIRIES | ||
| 650 | _aR V SOS ENVIRONMENT EX P GWENT CC | ||
| 650 | _aR V VINCENT AND ANOTHER EX P TURNER | ||
| 650 | _aROADS FOR PROSPERITY | ||
| 650 | _aPROPERTY-INFRASTRUCTURE-TRANSPORT INFRASTRUCTURE-ROAD INFRASTRUCTURE | ||
| 650 | _aTRANSPORT AND THE ENVIRONMENT | ||
| 650 | _aTRUNK ROADS | ||
| 690 | _aTRANSPORT AND COMMUNICATIONS | ||
| 942 | _n0 | ||
| 948 | _c04/03/1997 | ||
| 999 |
_c17197 _d17197 |
||